000 01112nam0a22002531 4500
001 rc\3901515
005 20130415104503.6
035 _a(NLR Aleph) 007906403
090 _a8069991
_c8069991
100 _a20130415d1956 |||y0rusy50 ca
101 0 _arus
102 _aRU
105 _aa z |||||
200 1 _aИнструкция-наставление по обращению с полуавтоматическим шприцем-дозатором
_fМоск. науч.-исслед. ин-т вакцин и сывороток им. И.И. Мечникова
210 _aМосква
_cБ. и.
_d1956
215 _a18 с.
_cил.
_d14
300 _aВ конце текста: сост. Г.С. Безверхим и И.Е. Шуляпиным - сотр. Эксперим.-техн. лаборатории Моск. н/и ин-та вакцин и сывороток им. Мечникова
700 1 _aБезверхий
_bГ. С.
_4220
701 1 _aШуляпин
_bИ. Е.
_4220
801 0 _aRU
_bNLR
_gpsbo
801 1 _aRU
_bELAR
_2rusmarc
852 _aNLR
_jМк02 Г-2/20
942 _cBOOK
980 _aNB